This is my town / (Record no. 5726)

MARC details
000 -LEADER
fixed length control field 01093cam a2200349 a 4500
001 - CONTROL NUMBER
control field 5726
003 - CONTROL NUMBER IDENTIFIER
control field FISKH
005 - DATE AND TIME OF LATEST TRANSACTION
control field 20250116122514.0
008 - FIXED-LENGTH DATA ELEMENTS--GENERAL INFORMATION
fixed length control field 080220s2009 nyua a 000 1 eng
010 ## - LIBRARY OF CONGRESS CONTROL NUMBER
LC control number 2008923461
020 ## - INTERNATIONAL STANDARD BOOK NUMBER
International Standard Book Number 9780060835507 (trade bdg.)
020 ## - INTERNATIONAL STANDARD BOOK NUMBER
International Standard Book Number 9780060835491 (pbk bdg.)
020 ## - INTERNATIONAL STANDARD BOOK NUMBER
International Standard Book Number 9780060835491
040 ## - CATALOGING SOURCE
Original cataloging agency DLC
Transcribing agency DLC
Language of cataloging eng
042 ## - AUTHENTICATION CODE
Authentication code lcac
050 ## - LIBRARY OF CONGRESS CALL NUMBER
Classification number PZ7.M462
082 ## - DEWEY DECIMAL CLASSIFICATION NUMBER
Classification number 331
100 1# - MAIN ENTRY--PERSONAL NAME
Personal name Mayer, Mercer,
Dates associated with a name 1943-
245 10 - TITLE STATEMENT
Title This is my town /
Statement of responsibility, etc. by Mercer Mayer.
260 ## - PUBLICATION, DISTRIBUTION, ETC.
Place of publication, distribution, etc. New York :
Name of publisher, distributor, etc. HarperCollins Children's Books,
Date of publication, distribution, etc. 2009.
300 ## - PHYSICAL DESCRIPTION
Extent 32 pages :
Other physical details color illustrations ;
Dimensions 23 cm
490 0# - SERIES STATEMENT
Series statement My first I can read
500 ## - GENERAL NOTE
General note "Mercer Mayer's Little Critter"--P. [1] of cover.
505 ## - FORMATTED CONTENTS NOTE
Formatted contents note F<br/>
520 ## - SUMMARY, ETC.
Summary, etc. Little Critter introduces his town, showing the reader everything from the post office to the movie theater.
521 8# - TARGET AUDIENCE NOTE
Target audience note 310<br/>
Source Lexile AD <br/>
521 8# - TARGET AUDIENCE NOTE
Target audience note F<br/>
Source Raz-Plus <br/>
650 #1 - SUBJECT ADDED ENTRY--TOPICAL TERM
Topical term or geographic name entry element City and town life
Form subdivision Fiction.
906 ## - LOCAL DATA ELEMENT F, LDF (RLIN)
a 7
b cbc
c orignew
d 2
e epcn
f 20
g y-gencatlg
942 ## - ADDED ENTRY ELEMENTS (KOHA)
Source of classification or shelving scheme Dewey Decimal Classification
Koha item type Books
Suppress in OPAC No
Holdings
Withdrawn status Lost status Source of classification or shelving scheme Damaged status Not for loan Collection Home library Current library Shelving location Date acquired Total Checkouts Full call number Barcode Date last seen Price effective from Koha item type
    Dewey Decimal Classification     Juvenile Fiction Footprints International School Library Network Toul Kork Campus Footprints International School Library Network Toul Kork Campus TK Primary Library Room(4th Floor), Bookcase 7, Shelves 57-60, Dark Green Books 01/16/2025   MAY 331 PZ7.M462 FISTK00851 01/16/2025 01/16/2025 Books